000339434 001__ 339434
000339434 005__ 20250630143457.0
000339434 0247_ $$2doi$$a10.5281/ZENODO.7907144
000339434 0247_ $$2doi$$a10.5281/ZENODO.7907143
000339434 037__ $$aGSI-2023-00634
000339434 041__ $$aEnglish
000339434 1001_ $$00009-0005-9131-2257$$aSong, Quanchao$$b0
000339434 245__ $$aPyScript for scientific projects: an introduction
000339434 250__ $$av1.0.0
000339434 260__ $$c2023
000339434 3367_ $$2DCMI$$aSoftware
000339434 3367_ $$0PUB:(DE-HGF)33$$2PUB:(DE-HGF)$$aSoftware$$bsware$$msware$$s1683798864_29668
000339434 3367_ $$2BibTeX$$aMISC
000339434 3367_ $$06$$2EndNote$$aComputer Program
000339434 3367_ $$2ORCID$$aOTHER
000339434 3367_ $$2DataCite$$aSoftware
000339434 502__ $$cVytautas Magnus University
000339434 520__ $$aThe pyscript framework gives us a new way to use Python within web browsers in our everyday projects, which is especially useful for scientists, as Python is known for providing us with many scientific packages. Using pyscript to build a Python-based web page sounds exciting, but at the same time a bit adventurous, because pyscript is a new programming technology that is still in its early stages of development. Therefore, when you actually use it, you will encounter some non-acclimation. By presenting you how a pyscript project is constructed step by step from zero, this paper helps you to adapt to this new pyscript programming environment at a faster pace, which is especially beneficial for scientists.
000339434 536__ $$0G:(DE-HGF)POF4-631$$a631 - Matter – Dynamics, Mechanisms and Control (POF4-631)$$cPOF4-631$$fPOF IV$$x0
000339434 588__ $$aDataset connected to DataCite
000339434 650_7 $$2Other$$apython
000339434 650_7 $$2Other$$apyscript
000339434 650_7 $$2Other$$adata analysis
000339434 693__ $$0EXP:(DE-Ds200)no_experiment-20200803$$1EXP:(DE-Ds200)theory-20200803$$5EXP:(DE-Ds200)no_experiment-20200803$$atheory$$eno experiment theory work (theory)$$x0
000339434 7001_ $$0P:(DE-Ds200)OR1817$$aSanjari, Shahab$$b1$$eCorresponding author
000339434 773__ $$a10.5281/ZENODO.7907143
000339434 909CO $$ooai:repository.gsi.de:339434$$pVDB
000339434 9101_ $$0I:(DE-Ds200)20121206GSI$$6P:(DE-Ds200)OR1817$$aGSI Helmholtzzentrum für Schwerionenforschung GmbH$$b1$$kGSI
000339434 9131_ $$0G:(DE-HGF)POF4-631$$1G:(DE-HGF)POF4-630$$2G:(DE-HGF)POF4-600$$3G:(DE-HGF)POF4$$4G:(DE-HGF)POF$$aDE-HGF$$bForschungsbereich Materie$$lVon Materie zu Materialien und Leben$$vMatter – Dynamics, Mechanisms and Control$$x0
000339434 9141_ $$y2023
000339434 920__ $$lyes
000339434 9201_ $$0I:(DE-Ds200)ATP-20051214OR020$$kATP$$lAtom-, Quanten- & Fundamentalphysik$$x0
000339434 980__ $$asware
000339434 980__ $$aVDB
000339434 980__ $$aI:(DE-Ds200)ATP-20051214OR020
000339434 980__ $$aUNRESTRICTED